| 000 | 00485 a2200169 4500 | ||
|---|---|---|---|
| 003 | OSt | ||
| 005 | 20240123103307.0 | ||
| 008 | 240123b |||||||| |||| 00| 0 eng d | ||
| 040 | _coclc | ||
| 082 |
_a920 _bMAL/M |
||
| 100 |
_aMalayamma, Moyin _910302 |
||
| 245 |
_aMampuram Sayyid Alavi Thangal / _cMoyin Malayamma |
||
| 250 | _a1st ed. | ||
| 260 |
_aMalappuram: _bBook Plus Publishers, _c2023. |
||
| 300 | _a120p. | ||
| 942 |
_2ddc _cBK _h920 _iMAL/M _k920 _mMAL/M |
||
| 999 |
_c43296 _d43296 |
||